zpět

Detail výsledku týmu

Koruna, Břeclav

Datum a čas kvízu

28 Celkem bodů Celkový počet nahraných bodů na tomto kvízu bez doplňovacích otázek.
6. Pořadí na kvízu Konečné umístění týmu na tomto kvízu.

Zaznamenané odpovědi

# Otázka Odpověď Body Výsledky
1. Jedné z osobností, o níž se v... Roman Prymula 1
2. Občané jedné evropské země v c... Itálie 0
3. V úterý byl v Brně zahájen tře... Serial Killer 0
4. Čtenáři serveru Aktuálně.cz hl... T-Mobile 1
5. Cale Makar, obránce týmu Color... Dominik Kubalík 1
6. Podle zdroje vody se rybníky d... říční rybník 0
7. Na obrázku vidíme dravou rybu,... candát 1
8. Jak se jmenuje červeně vyznače... Svět 1
9. Většina rybníků disponuje jist... česle / česlice 0
10. Největším českým rybníkem je s... Lužnice 0